<?xml version="1.0" encoding="UTF-8"?>
<record
    xmlns:xsi="http://www.w3.org/2001/XMLSchema-instance"
    xsi:schemaLocation="http://www.loc.gov/MARC21/slim http://www.loc.gov/standards/marcxml/schema/MARC21slim.xsd"
    xmlns="http://www.loc.gov/MARC21/slim">

  <leader>01217cam a2200217 i 4500</leader>
  <controlfield tag="005">20260702122201.0</controlfield>
  <datafield tag="020" ind1=" " ind2=" ">
    <subfield code="a">9781009193535</subfield>
  </datafield>
  <datafield tag="082" ind1="0" ind2="0">
    <subfield code="a">327.510 54 GAN/S</subfield>
    <subfield code="2">23/eng/20230126</subfield>
  </datafield>
  <datafield tag="100" ind1="1" ind2=" ">
    <subfield code="a">Ganguly, Sumit</subfield>
    <subfield code="e">author</subfield>
    <subfield code="9">16860</subfield>
  </datafield>
  <datafield tag="245" ind1="1" ind2="4">
    <subfield code="a">The Sino-Indian rivalry :</subfield>
    <subfield code="b">implications for global order /</subfield>
    <subfield code="c">by &#x160;umit Ganguly, </subfield>
  </datafield>
  <datafield tag="260" ind1=" " ind2=" ">
    <subfield code="a">. - U K </subfield>
    <subfield code="b">: Cambridge University Press</subfield>
    <subfield code="c">, 2023</subfield>
  </datafield>
  <datafield tag="300" ind1=" " ind2=" ">
    <subfield code="a">ix, 246 pages</subfield>
    <subfield code="b">illustrations</subfield>
  </datafield>
  <datafield tag="504" ind1=" " ind2=" ">
    <subfield code="a">Includes bibliographical references and index.</subfield>
  </datafield>
  <datafield tag="505" ind1="2" ind2=" ">
    <subfield code="a">Part 1. -- Part 2. Spatial and Positional Considerations and Violence -- Part 3. The Evolution of the Rivalry -- Part 4. Interconnected Rivalries and Systemic Considerations -- Part 5.</subfield>
  </datafield>
  <datafield tag="520" ind1=" " ind2=" ">
    <subfield code="a">"This comprehensive work draws on a wide body of theoretical literature on international rivalries to explain the origins and evolution of the Sino-Indian rivalry. It argues that the Sino-Indian rivalry has systemic implications at both global and regional levels"-- Provided by publisher.</subfield>
  </datafield>
  <datafield tag="650" ind1=" " ind2="0">
    <subfield code="a">Strategic rivalries (World politics)</subfield>
    <subfield code="9">16861</subfield>
  </datafield>
  <datafield tag="650" ind1=" " ind2="0">
    <subfield code="a">Sino-Indian Border Dispute, 1957-</subfield>
    <subfield code="9">16862</subfield>
  </datafield>
  <datafield tag="700" ind1="1" ind2=" ">
    <subfield code="a">Pardesi, Manjeet Singh</subfield>
    <subfield code="9">16863</subfield>
  </datafield>
  <datafield tag="700" ind1="1" ind2=" ">
    <subfield code="a">Thompson, William R.</subfield>
    <subfield code="9">16864</subfield>
  </datafield>
  <datafield tag="942" ind1=" " ind2=" ">
    <subfield code="2">ddc</subfield>
    <subfield code="c">BK</subfield>
  </datafield>
  <datafield tag="999" ind1=" " ind2=" ">
    <subfield code="c">760967</subfield>
    <subfield code="d">760967</subfield>
  </datafield>
  <datafield tag="952" ind1=" " ind2=" ">
    <subfield code="0">0</subfield>
    <subfield code="1">0</subfield>
    <subfield code="2">ddc</subfield>
    <subfield code="4">0</subfield>
    <subfield code="7">0</subfield>
    <subfield code="a">POL</subfield>
    <subfield code="b">POL</subfield>
    <subfield code="c">GEN</subfield>
    <subfield code="d">2026-01-27</subfield>
    <subfield code="l">0</subfield>
    <subfield code="o">R 327.510 54 GAN/S</subfield>
    <subfield code="p">POL23891</subfield>
    <subfield code="r">2026-06-23 14:51:38</subfield>
    <subfield code="w">2026-06-23</subfield>
    <subfield code="y">BK</subfield>
  </datafield>
</record>
